| 000 | 01458nam a2200289Ia 4500 | ||
|---|---|---|---|
| 999 |
_c52925 _d52925 |
||
| 001 | 19955 | ||
| 003 | GE_BSU | ||
| 005 | 20200520221100.0 | ||
| 008 | 181216s1980||||ge |||||||||||||| ||geo|| | ||
| 020 | _a5505004784 | ||
| 040 | _cGE_BSU | ||
| 041 | _ageo | ||
| 080 | _a81'374.822=353.1=161 ქ-27 | ||
| 245 |
_aქართულ-რუსული ლექსიკონი = Грузино-Русский словарь / _cშეადგინეს გ. ახვლედიანმა და ვ. თოფურიამ ; რედ. ა. მ. კობახიძე.. |
||
| 250 | _aმე-2 გადამუშავებული და შევსებული გამოცემა | ||
| 264 |
_aთბილისი : _bგანათლება, _c1990. |
||
| 300 | _a336 გვ; 22 სმ. | ||
| 541 | _h2ლ.40თ. | ||
| 653 | _aლექსიკონი | ||
| 653 | _aქართულ-რუსული ლექსიკონი | ||
| 700 |
_aახვლედიანი, გ. _eშემდგენელი _92910 |
||
| 700 |
_aთოფურია, ვ. _eშემდგენელი _91040 |
||
| 700 |
_aკობახიძე, ა. _eრედაქტორი _97209 |
||
| 710 |
_aსაქ. სსრ მეცნიერებათა აკადემია _98053 |
||
| 710 |
_aენათმეცნიერებათა ინსტიტუტი _98133 |
||
| 942 |
_cBK _2udc |
||